| 000 | 00889cab a2200277 4500 | ||
|---|---|---|---|
| 001 | ABS53643 | ||
| 008 | 090401t1995 xxu||||| |||| 00| 0 eng d | ||
| 035 | _a(Sirsi) u5563 | ||
| 041 | _aeng | ||
| 100 | _aChart, J. | ||
| 245 | _aCommission pitfalls - who is your client? | ||
| 260 | _c1995 | ||
| 350 | _a0 | ||
| 490 |
_aEstate Agent _v21 September 1995, 24(2) |
||
| 520 | _aUses case law to highlight the problems estate agents can face in establishing whether the individual they are dealing with is actually the client who commissioned them. | ||
| 650 | _aBENHAM & REEVES V HUTCHESON | ||
| 650 | _aCHESTERTONS V BARONE | ||
| 650 | _aCOMMISSION | ||
| 650 | _aDRUCE V THAKER | ||
| 650 | _aESTATE AGENTS | ||
| 650 | _aOVERSEAS CLIENTS | ||
| 650 | _aSAVILLS V SCOTT | ||
| 690 | _aMANAGEMENT-BUSINESS MANAGEMENT-PROFESSIONAL PRACTICE | ||
| 942 | _n0 | ||
| 948 | _c04/03/1997 | ||
| 999 |
_c3317 _d3317 |
||